[Event "FIDE Open World Blitz 2021"]
[Site "Warsaw"]
[Date "2021.12.29"]
[Round "3.41"]
[White "Demchenko, Anton"]
[Black "Paravyan, David"]
[Result "1/2-1/2"]
[WhiteElo "2655"]
[BlackElo "2642"]
[Annotator "ChessBase"]
[PlyCount "73"]
[EventDate "2021.12.29"]
[EventType "swiss"]
[EventCountry "POL"]
[Tiebreak "Cut1 Buchholz"]
[SourceTitle "playchess.com"]
[Source "ChessBase"]
[SourceQuality "1"]

1. e4 e5 2. Nf3 Nc6 3. Nc3 Nf6 4. d4 exd4 5. Nxd4 Bb4 6. Nxc6 bxc6 7. Bd3 O-O
8. O-O d5 9. exd5 cxd5 10. h3 c6 11. Qf3 Be6 12. Ne2 Bd6 13. Bf4 Re8 14. Rfd1
Qb8 15. b3 a5 16. Bxd6 Qxd6 17. Qf4 Qxf4 18. Nxf4 a4 19. c4 dxc4 20. Nxe6 Rxe6
21. Bxc4 Re4 22. f3 Ree8 23. Rd6 Rec8 24. bxa4 Rxa4 25. Rc1 Kf8 26. Bb3 Ra6 27.
Kf2 Ke7 28. Rd2 c5 29. Re2+ Kf8 30. a4 Ne8 31. Rec2 Ra5 32. Rd2 Ra7 33. Rd5 c4
34. Rd4 c3 35. Rd3 Rac7 36. a5 Ra8 37. Rdxc3 1/2-1/2

[Event "FIDE Open World Blitz 2021"]
[Site "Warsaw"]
[Date "2021.12.29"]
[Round "3.42"]
[White "Carlsson, Pontus"]
[Black "Maghsoodloo, Parham"]
[Result "0-1"]
[WhiteElo "2457"]
[BlackElo "2706"]
[Annotator "ChessBase"]
[PlyCount "78"]
[EventDate "2021.12.29"]
[EventType "swiss"]
[EventCountry "POL"]
[Tiebreak "Cut1 Buchholz"]
[SourceTitle "playchess.com"]
[Source "ChessBase"]
[SourceQuality "1"]

1. e4 c5 2. Nf3 Nc6 3. Bb5 e6 4. Bxc6 bxc6 5. d3 Ne7 6. O-O Ng6 7. Ng5 Be7 8.
Qh5 d6 9. f4 Bxg5 10. fxg5 e5 11. Na3 Be6 12. Be3 a5 13. c3 a4 14. Qe2 O-O 15.
Qd2 Rb8 16. d4 cxd4 17. cxd4 d5 18. dxe5 dxe4 19. Qc3 Qd3 20. Bc5 Rfc8 21. Bd6
Qxc3 22. bxc3 Rb2 23. Rf2 Rb7 24. Re2 h5 25. gxh6 gxh6 26. Rxe4 Rb2 27. Nc4 Rc2
28. Nb6 Rd8 29. c4 Kh7 30. Re3 Nf4 31. g3 Nh3+ 32. Kh1 Rf2 33. a3 Rg8 34. c5
Rg4 35. Rae1 Rd4 36. R3e2 Rxe2 37. Rxe2 Bg4 38. Re3 Rd1+ 39. Kg2 Rg1# 0-1

[Event "FIDE Open World Blitz 2021"]
[Site "Warsaw"]
[Date "2021.12.29"]
[Round "3.43"]
[White "Gelfand, Boris"]
[Black "Janik, Igor"]
[Result "1-0"]
[WhiteElo "2674"]
[BlackElo "2508"]
[Annotator "ChessBase"]
[PlyCount "113"]
[EventDate "2021.12.29"]
[EventType "swiss"]
[EventCountry "POL"]
[Tiebreak "Cut1 Buchholz"]
[SourceTitle "playchess.com"]
[Source "ChessBase"]
[SourceQuality "1"]

1. d4 Nf6 2. Nf3 b6 3. c4 Bb7 4. g3 c5 5. d5 b5 6. Bg2 bxc4 7. Nc3 d6 8. O-O g6
9. e4 Bg7 10. e5 dxe5 11. Nxe5 O-O 12. Nc6 Qd7 13. Na5 Rd8 14. Nxb7 Qxb7 15.
Qa4 Rd6 16. Bf4 Qxb2 17. Bxd6 exd6 18. Qxc4 Nbd7 19. Rab1 Qa3 20. Rb3 Qa5 21.
Qb5 Qd8 22. Ne4 Nxe4 23. Bxe4 Bd4 24. Bg2 Ne5 25. Qe2 c4 26. Rbb1 Qa5 27. Kh1
Qa4 28. f4 Nd3 29. h3 Re8 30. Qd2 Bc5 31. Kh2 Bb4 32. Qd1 Qxa2 33. Ra1 Qb2 34.
Rb1 Qc3 35. f5 Bc5 36. fxg6 hxg6 37. Qf3 Rf8 38. Rb7 Qg7 39. h4 Ne5 40. Qe4 Qh6
41. Kh1 c3 42. Rc7 Qd2 43. Rxc5 dxc5 44. Qxe5 c2 45. Qe1 Qxe1 46. Rxe1 Rb8 47.
Be4 Rb2 48. Rc1 Rb4 49. Bxc2 Rc4 50. d6 Rd4 51. Rd1 Rxd1+ 52. Bxd1 Kf8 53. Kg2
f5 54. Kf3 Kf7 55. Bb3+ Kf6 56. Kf4 a5 57. Ke3 1-0

[Event "FIDE Open World Blitz 2021"]
[Site "Warsaw"]
[Date "2021.12.29"]
[Round "3.44"]
[White "Gukesh D"]
[Black "Howell, David W L"]
[Result "0-1"]
[WhiteElo "2621"]
[BlackElo "2648"]
[Annotator "ChessBase"]
[PlyCount "130"]
[EventDate "2021.12.29"]
[EventType "swiss"]
[EventCountry "POL"]
[Tiebreak "Cut1 Buchholz"]
[SourceTitle "playchess.com"]
[Source "ChessBase"]
[SourceQuality "1"]

1. d4 d5 2. c4 c6 3. Nf3 Nf6 4. Nc3 dxc4 5. a4 e6 6. e3 c5 7. Bxc4 cxd4 8. exd4
Be7 9. O-O Nc6 10. Re1 O-O 11. Bg5 b6 12. Qe2 Nxd4 13. Nxd4 Qxd4 14. Rad1 Qc5
15. Bxf6 Bxf6 16. Ne4 Qe7 17. Bb5 a6 18. Bc6 Ra7 19. Nd6 Bd7 20. Nf5 Qe8 21.
Rxd7 Rxd7 22. Ne3 Qc8 23. Bxd7 Qxd7 24. Qxa6 Bxb2 25. Qxb6 Bc3 26. Rc1 Qxa4 27.
g3 Bd4 28. Qc6 Qxc6 29. Rxc6 Bxe3 30. fxe3 Rb8 31. Rc2 g5 32. g4 Kg7 33. Kf2
Kg6 34. Kf3 h5 35. h3 Rb1 36. Rc8 h4 37. Kg2 Rb2+ 38. Kg1 Re2 39. Rc3 Kf6 40.
Ra3 Kg6 41. Rc3 f6 42. Ra3 Kf7 43. Ra7+ Ke8 44. Ra3 Ke7 45. Rb3 Kd6 46. Ra3 Kd5
47. Ra5+ Kc4 48. Ra3 Kc5 49. Rb3 Kd5 50. Ra3 f5 51. Ra5+ Ke4 52. Ra6 fxg4 53.
hxg4 Rxe3 54. Rxe6+ Kf3 55. Ra6 Kxg4 56. Kg2 Re2+ 57. Kg1 Rb2 58. Rc6 h3 59.
Rc4+ Kg3 60. Rc3+ Kh4 61. Ra3 g4 62. Ra4 Re2 63. Rb4 Kg3 64. Rb3+ Kf4 65. Kf1
Re3 0-1

[Event "FIDE Open World Blitz 2021"]
[Site "Warsaw"]
[Date "2021.12.29"]
[Round "3.45"]
[White "Salem, A.R. Saleh"]
[Black "Saraci, Nderim"]
[Result "1/2-1/2"]
[WhiteElo "2690"]
[BlackElo "2486"]
[Annotator "ChessBase"]
[PlyCount "157"]
[EventDate "2021.12.29"]
[EventType "swiss"]
[EventCountry "POL"]
[Tiebreak "Cut1 Buchholz"]
[SourceTitle "playchess.com"]
[Source "ChessBase"]
[SourceQuality "1"]

1. d4 Nf6 2. c4 e6 3. Nc3 d5 4. cxd5 exd5 5. Bg5 c6 6. e3 Be7 7. Bd3 O-O 8.
Nge2 Re8 9. O-O Nbd7 10. Qc2 Nf8 11. f3 Nh5 12. Bxe7 Qxe7 13. e4 dxe4 14. fxe4
Be6 15. e5 f6 16. Ne4 fxe5 17. dxe5 Red8 18. Nd6 Bd5 19. Qc3 Qg5 20. Rf2 Nd7
21. Bf5 g6 22. Bxd7 Rxd7 23. Re1 Re7 24. Ng3 Nxg3 25. hxg3 Rd8 26. a3 b6 27. b4
Qg4 28. Rf4 Qe6 29. Rff1 Qg4 30. Rf4 Qe6 31. Rf6 Qd7 32. Re3 Re6 33. Rxe6 Qxe6
34. Qd4 Rf8 35. a4 h5 36. a5 bxa5 37. bxa5 a6 38. Re1 Qe7 39. Qd3 Qg5 40. Qe3
Qxe3+ 41. Rxe3 Be6 42. Nb7 Re8 43. Nc5 Bc4 44. Re4 Bd5 45. Re3 Bc4 46. Rc3 Bd5
47. Nxa6 Ra8 48. Nc5 Rxa5 49. e6 Ra7 50. Re3 Re7 51. Kh2 Kg7 52. g4 h4 53. g5
Kg8 54. Kh3 Kf8 55. Re2 Ke8 56. Kxh4 Rh7+ 57. Kg3 Ke7 58. Rb2 Kd6 59. Re2 Re7
60. Nd3 Rxe6 61. Rd2 Ke7 62. Nf4 Rd6 63. Re2+ Kf7 64. Rb2 Rd7 65. Rf2 Kg7 66.
Rb2 Bf7 67. Rb6 Rc7 68. Kf2 c5 69. Ke2 c4 70. Kd2 Rd7+ 71. Kc3 Re7 72. Kd4 Rd7+
73. Kc3 Re7 74. Kd4 Rd7+ 75. Kc3 Rd1 76. Rb7 Kf8 77. Rb6 Kg7 78. Rb7 Kf8 79.
Rb6 1/2-1/2

[Event "FIDE Open World Blitz 2021"]
[Site "Warsaw"]
[Date "2021.12.29"]
[Round "3.46"]
[White "Suleymanli, Aydin"]
[Black "Hovhannisyan, Robert"]
[Result "0-1"]
[WhiteElo "2541"]
[BlackElo "2622"]
[Annotator "ChessBase"]
[PlyCount "102"]
[EventDate "2021.12.29"]
[EventType "swiss"]
[EventCountry "POL"]
[Tiebreak "Cut1 Buchholz"]
[SourceTitle "playchess.com"]
[Source "ChessBase"]
[SourceQuality "1"]

1. d4 d5 2. c4 c6 3. cxd5 cxd5 4. Nc3 Nc6 5. e4 Nf6 6. Nge2 e6 7. e5 Ng8 8. h4
Nh6 9. h5 Qb6 10. a3 Bd7 11. Na4 Qd8 12. b4 Nf5 13. Bb2 a5 14. b5 Na7 15. g4
Nh6 16. Nec3 Be7 17. Bd3 Rc8 18. Qe2 O-O 19. f4 Rc4 20. Bxc4 dxc4 21. Qxc4 Nxg4
22. Qe2 Nh6 23. O-O-O Nf5 24. Rh3 Qe8 25. Nb6 Bxb5 26. Nxb5 Nxb5 27. Kb1 Qc6
28. Nc4 Nc7 29. Rc1 Qb5 30. Qd3 Nd5 31. Ka1 Nxf4 32. Qf1 Nxh3 33. Qxh3 Rc8 34.
Qf1 Qb3 35. Nxa5 Rxc1+ 36. Qxc1 Qb5 37. Qc8+ Bf8 38. Nxb7 Qd5 39. a4 Nxd4 40.
Kb1 h6 41. a5 Qe4+ 42. Ka2 Qd5+ 43. Kb1 Qe4+ 44. Ka2 Qd5+ 45. Kb1 Qe4+ 46. Ka2
Nc6 47. Qc7 Qa4+ 48. Kb1 Qe4+ 49. Ka2 Nb4+ 50. Kb3 Qd5+ 51. Kc3 Qd3# 0-1

[Event "FIDE Open World Blitz 2021"]
[Site "Warsaw"]
[Date "2021.12.29"]
[Round "3.47"]
[White "Pichot, Alan"]
[Black "Parligras, Mircea-Emilian"]
[Result "1/2-1/2"]
[WhiteElo "2630"]
[BlackElo "2576"]
[Annotator "ChessBase"]
[PlyCount "91"]
[EventDate "2021.12.29"]
[EventType "swiss"]
[EventCountry "POL"]
[Tiebreak "Cut1 Buchholz"]
[SourceTitle "playchess.com"]
[Source "ChessBase"]
[SourceQuality "1"]

1. e4 e5 2. Nf3 Nc6 3. Bb5 Nf6 4. d3 Bc5 5. c3 O-O 6. O-O d6 7. Bg5 h6 8. Bh4
g5 9. Bg3 Bg4 10. Nbd2 Nh5 11. Kh1 Nf4 12. Nc4 Bb6 13. Ne3 Be6 14. d4 exd4 15.
cxd4 d5 16. e5 Ne7 17. Bxf4 gxf4 18. Nc2 Ng6 19. a4 c6 20. Bd3 a5 21. Qd2 Bg4
22. Rfe1 Kg7 23. e6 Bxe6 24. Bxg6 Kxg6 25. Qxf4 Bc7 26. Ne5+ Bxe5 27. Rxe5 Qf6
28. Qd2 Kh7 29. f3 Rg8 30. Rae1 Rg5 31. f4 Rxe5 32. dxe5 Qg6 33. Nd4 Rg8 34. h3
Bf5 35. Nxf5 Qxf5 36. Qe3 h5 37. Qf2 Rg6 38. Re2 Kg7 39. Kh2 Kh7 40. Qf3 d4 41.
Rd2 c5 42. b3 b6 43. Rf2 Kg7 44. Rd2 Kh7 45. Rf2 Kg7 46. Rd2 1/2-1/2

[Event "FIDE Open World Blitz 2021"]
[Site "Warsaw"]
[Date "2021.12.29"]
[Round "3.48"]
[White "Donchenko, Alexander"]
[Black "Timofeev, Artyom"]
[Result "1/2-1/2"]
[WhiteElo "2645"]
[BlackElo "2586"]
[Annotator "ChessBase"]
[PlyCount "145"]
[EventDate "2021.12.29"]
[EventType "swiss"]
[EventCountry "POL"]
[Tiebreak "Cut1 Buchholz"]
[SourceTitle "playchess.com"]
[Source "ChessBase"]
[SourceQuality "1"]

1. Nf3 Nf6 2. c4 g6 3. Nc3 c5 4. g3 Bg7 5. Bg2 O-O 6. d4 cxd4 7. Nxd4 Nc6 8.
O-O Ng4 9. e3 d6 10. b3 Nxd4 11. exd4 Nh6 12. Bb2 Nf5 13. Ne2 Rb8 14. Qc2 Bd7
15. Rfe1 a6 16. Rad1 Qc7 17. Nf4 e6 18. Ne2 Rfc8 19. Qd2 Be8 20. Rc1 Bh6 21. f4
Bg7 22. Kh1 b6 23. d5 exd5 24. Bxg7 Kxg7 25. Nc3 Bc6 26. cxd5 Bd7 27. Ne4 Qd8
28. g4 Rxc1 29. Rxc1 Nh4 30. Qd4+ f6 31. g5 Rc8 32. Rxc8 Bxc8 33. Nxf6 Nf5 34.
Qc3 Kf7 35. Nxh7 Qe7 36. Bf3 Bd7 37. Nf6 Bb5 38. Ng4 Be2 39. Bxe2 Qxe2 40. Qf6+
Ke8 41. Qxg6+ Kd8 42. Qf6+ Kc7 43. Qc3+ Kb8 44. Qh3 Qe1+ 45. Kg2 Qe4+ 46. Kf1
Qxf4+ 47. Ke1 Qxg5 48. Nf2 Qc1+ 49. Ke2 Nd4+ 50. Kd3 Nb5 51. Qh8+ Kb7 52. Qg7+
Nc7 53. Qc3 Qf1+ 54. Ke4 Qxf2 55. Qc6+ Kc8 56. Qxd6 Qe2+ 57. Kf5 Qf3+ 58. Kg5
Qxd5+ 59. Qxd5 Nxd5 60. h4 Kd7 61. h5 Ke7 62. Kf5 Nc3 63. a4 Kf7 64. Ke5 b5 65.
Kd4 b4 66. Kc5 Na2 67. Kb6 Nc1 68. Kxa6 Nxb3 69. Kb5 Nd4+ 70. Kxb4 Kg7 71. Kc5
Nb3+ 72. Kc4 Na5+ 73. Kb5 1/2-1/2

[Event "FIDE Open World Blitz 2021"]
[Site "Warsaw"]
[Date "2021.12.29"]
[Round "3.49"]
[White "Moroni, Luca Jr"]
[Black "Predke, Alexandr"]
[Result "1-0"]
[WhiteElo "2580"]
[BlackElo "2627"]
[Annotator "ChessBase"]
[PlyCount "115"]
[EventDate "2021.12.29"]
[EventType "swiss"]
[EventCountry "POL"]
[Tiebreak "Cut1 Buchholz"]
[SourceTitle "playchess.com"]
[Source "ChessBase"]
[SourceQuality "1"]

1. d4 d5 2. Bf4 Nf6 3. e3 e6 4. Nf3 c5 5. Nbd2 Nc6 6. c3 cxd4 7. exd4 Nh5 8.
Be3 Bd6 9. Bd3 Nf4 10. Bxf4 Bxf4 11. O-O O-O 12. Qe2 f6 13. c4 Bd7 14. Nb3 b6
15. Rfe1 Re8 16. a3 Qc7 17. g3 Bh6 18. Qc2 g6 19. cxd5 exd5 20. Rxe8+ Rxe8 21.
Re1 Rxe1+ 22. Nxe1 Qd6 23. Ng2 Ne7 24. Ne3 Bxe3 25. fxe3 Kf7 26. Nd2 Bf5 27.
Kf2 Bxd3 28. Qxd3 Qc6 29. e4 dxe4 30. Qxe4 Qc1 31. Qd3 Qxb2 32. d5 Nf5 33. g4
Qd4+ 34. Qxd4 Nxd4 35. Nc4 Nb5 36. Ke3 Ke7 37. Kd3 Nd6 38. Ne3 f5 39. gxf5 Nxf5
40. Nc4 Kf6 41. Ke4 h5 42. a4 h4 43. Ne5 Nd6+ 44. Kd4 g5 45. Nc6 a5 46. Ne5 Kf5
47. Nd7 Nc8 48. Ne5 g4 49. Nc4 g3 50. hxg3 h3 51. Ne3+ Kg5 52. Nf1 Nd6 53. Ke5
Nc4+ 54. Kd4 Nb2 55. d6 Kf6 56. Kd5 Nxa4 57. Kc6 Ke6 58. d7 1-0

[Event "FIDE Open World Blitz 2021"]
[Site "Warsaw"]
[Date "2021.12.29"]
[Round "3.50"]
[White "Amin, Bassem"]
[Black "Nguyen, Thai Dai Van"]
[Result "1-0"]
[WhiteElo "2617"]
[BlackElo "2594"]
[Annotator "ChessBase"]
[PlyCount "104"]
[EventDate "2021.12.29"]
[EventType "swiss"]
[EventCountry "POL"]
[Tiebreak "Cut1 Buchholz"]
[SourceTitle "playchess.com"]
[Source "ChessBase"]
[SourceQuality "1"]

1. Nf3 d5 2. g3 Nf6 3. Bg2 e6 4. O-O Be7 5. d3 O-O 6. Nbd2 Nc6 7. e4 dxe4 8.
dxe4 e5 9. Nc4 Nxe4 10. Nfxe5 Nxe5 11. Nxe5 Qxd1 12. Rxd1 Nd6 13. a4 Bf6 14.
Nd3 Rd8 15. a5 Bg4 16. Re1 a6 17. Bf4 Rab8 18. Be5 Bxe5 19. Nxe5 Be6 20. Rad1
Kf8 21. h4 f6 22. Nd3 Bf5 23. Nc5 Nc4 24. Rxd8+ Rxd8 25. Nxb7 Rd2 26. b3 Ne5
27. Nc5 Rxc2 28. Nxa6 Nd3 29. Ra1 Rb2 30. Nxc7 Bc8 31. a6 Bxa6 32. Nxa6 Nxf2
33. Nc5 Ng4 34. Be4 Ke7 35. Rb1 Rd2 36. b4 Kd6 37. Bf5 Rd4 38. Ne4+ Kc7 39.
Bxg4 Rxe4 40. Bf5 Re7 41. Bxh7 Kb6 42. h5 Re5 43. g4 Re2 44. Bf5 Re7 45. Kf2
Kb5 46. Kf3 Ra7 47. Bd3+ Kc6 48. Rc1+ Kd5 49. b5 Kd4 50. Bf5 Ra3+ 51. Kg2 Rb3
52. Rb1 Kd5 1-0

[Event "FIDE Open World Blitz 2021"]
[Site "Warsaw"]
[Date "2021.12.29"]
[Round "3.51"]
[White "Murzin, Volodar"]
[Black "Movsesian, Sergei"]
[Result "0-1"]
[WhiteElo "2519"]
[BlackElo "2615"]
[Annotator "ChessBase"]
[PlyCount "97"]
[EventDate "2021.12.29"]
[EventType "swiss"]
[EventCountry "POL"]
[Tiebreak "Cut1 Buchholz"]
[SourceTitle "playchess.com"]
[Source "ChessBase"]
[SourceQuality "1"]

1. e4 Nf6 2. e5 Nd5 3. d4 d6 4. c4 Nb6 5. f4 g6 6. Nc3 Bg7 7. Be3 Be6 8. b3 O-O
9. Nf3 c5 10. dxc5 N6d7 11. cxd6 exd6 12. Qxd6 Nxe5 13. Qxd8 Nxf3+ 14. gxf3
Rxd8 15. Rc1 Nc6 16. Ne4 Nb4 17. Bd2 a5 18. Bxb4 axb4 19. Rc2 Bf5 20. c5 Bh6
21. Bc4 Rd4 22. Rd2 Rxd2 23. Kxd2 Bxf4+ 24. Kd3 Rxa2 25. Bd5 Rb2 26. Kc4 Kg7
27. Bxb7 Be6+ 28. Bd5 Bxd5+ 29. Kxd5 Rxb3 30. c6 Rxf3 31. Rb1 b3 32. Nc5 Bxh2
33. Nxb3 Rd3+ 34. Kc4 Rd8 35. Nc5 h5 36. Nd7 h4 37. Rh1 Bg3 38. Kd5 g5 39. Ke4
Kg6 40. Ne5+ Bxe5 41. Kxe5 Kh5 42. Kf6 Rc8 43. Rc1 h3 44. Kf5 g4 45. Kf4 Kh4
46. Rg1 f5 47. Kxf5 Rf8+ 48. Ke4 h2 49. Kd4 0-1

[Event "FIDE Open World Blitz 2021"]
[Site "Warsaw"]
[Date "2021.12.29"]
[Round "3.52"]
[White "Dziuba, Marcin"]
[Black "Harikrishna, Pentala"]
[Result "1/2-1/2"]
[WhiteElo "2568"]
[BlackElo "2614"]
[Annotator "ChessBase"]
[PlyCount "109"]
[EventDate "2021.12.29"]
[EventType "swiss"]
[EventCountry "POL"]
[Tiebreak "Cut1 Buchholz"]
[SourceTitle "playchess.com"]
[Source "ChessBase"]
[SourceQuality "1"]

1. d4 Nf6 2. c4 e6 3. Nf3 d5 4. e3 b6 5. Nbd2 Bd6 6. b3 O-O 7. Bb2 Bb7 8. Bd3
Nbd7 9. O-O Qe7 10. Ne5 c5 11. Nxd7 Nxd7 12. cxd5 exd5 13. Rc1 Nf6 14. h3 Rad8
15. Qc2 Ne4 16. dxc5 bxc5 17. Nxe4 dxe4 18. Bc4 Bc8 19. Rfd1 Bc7 20. Kf1 h6 21.
Bd5 Ba6+ 22. Bc4 Bc8 23. Rxd8 Rxd8 24. Rd1 Rxd1+ 25. Qxd1 Qd6 26. Qxd6 Bxd6 27.
Ke1 Kf8 28. Bd5 f5 29. h4 h5 30. g3 g6 31. Kd2 Ke7 32. Bc6 Bc7 33. Bd5 Be6 34.
Bc6 Ba5+ 35. Bc3 Bb4 36. Bb5 Bf7 37. Kc2 Kd6 38. Ba4 a5 39. Kb2 Ke7 40. a3
Bxc3+ 41. Kxc3 Kd6 42. b4 axb4+ 43. axb4 cxb4+ 44. Kxb4 Ke7 45. Kc5 Be6 46. Bc6
Bb3 47. Bd5 Ba4 48. Bc4 Be8 49. Kd5 Bf7+ 50. Kd4 Be8 51. Ke5 Bd7 52. Bd5 Be8
53. Bg8 Bd7 54. Bd5 Be8 55. Bc4 1/2-1/2

[Event "FIDE Open World Blitz 2021"]
[Site "Warsaw"]
[Date "2021.12.29"]
[Round "4.1"]
[White "Carlsen, Magnus"]
[Black "Sychev, Klementy"]
[Result "1-0"]
[WhiteElo "2855"]
[BlackElo "2615"]
[Annotator "TA"]
[PlyCount "95"]
[EventDate "2021.12.29"]
[EventType "swiss"]
[EventCountry "POL"]
[Tiebreak "Cut1 Buchholz"]
[SourceTitle "playchess.com"]
[Source "ChessBase"]
[SourceQuality "1"]

1. e4 c5 2. Nf3 e6 3. c3 d5 4. e5 d4 5. d3 Nc6 6. g3 Nge7 7. Bg2 Ng6 8. Qe2 Qc7
9. O-O Ncxe5 10. cxd4 Nxf3+ 11. Qxf3 cxd4 12. h4 Bd6 13. Na3 a6 14. Nc4 O-O 15.
Qe4 f5 16. Qe2 e5 17. h5 Ne7 18. Bg5 Nc6 19. h6 gxh6 20. Bxh6 Rf6 21. Qh5 Rg6
22. Bd5+ Kh8 23. Rae1 Bd7 24. Kg2 Ne7 25. Bf7 Be8 26. Bxg6 Bxg6 27. Qh4 Nd5 28.
Rc1 Qd7 29. Rfe1 Re8 30. Bg5 Kg8 31. Bf6 e4 32. Nxd6 Qxd6 33. Bxd4 f4 34. dxe4
Rxe4 35. Rxe4 Bxe4+ 36. Kh2 fxg3+ 37. Qxg3+ Qxg3+ 38. Kxg3 Kf7 39. f3 Bf5 40.
Re1 Nb4 41. Re5 Be6 42. a3 Nc6 43. Re4 Bf5 44. Rh4 Kg6 45. Bc3 Be6 46. Kf4 Bd5
47. Rg4+ Kh5 48. Rg5+ 1-0

[Event "FIDE Open World Blitz 2021"]
[Site "Warsaw"]
[Date "2021.12.29"]
[Round "4.1"]
[White "Gabuzyan, Hovhannes"]
[Black "Mitrabha, Guha"]
[Result "1/2-1/2"]
[WhiteElo "2580"]
[BlackElo "2370"]
[Annotator "ChessBase"]
[PlyCount "98"]
[EventDate "2021.12.29"]
[EventType "swiss"]
[EventCountry "POL"]
[Tiebreak "Cut1 Buchholz"]
[SourceTitle "playchess.com"]
[Source "ChessBase"]
[SourceQuality "1"]

1. Nf3 Nf6 2. g3 b6 3. Bg2 Bb7 4. O-O g6 5. c4 c5 6. d3 Bg7 7. e4 O-O 8. Nc3
Nc6 9. h3 d6 10. Be3 Rc8 11. Rc1 Nd7 12. b3 Nd4 13. Bxd4 cxd4 14. Nb5 a6 15.
Nbxd4 e5 16. Ne2 f5 17. exf5 gxf5 18. Nh4 Bxg2 19. Kxg2 Nc5 20. d4 exd4 21.
Nxd4 Qg5 22. Ndf3 Qf6 23. Qd5+ Kh8 24. Rce1 b5 25. Re2 bxc4 26. bxc4 Ne4 27.
Re3 Rc5 28. Qb7 Rxc4 29. Qxa6 Rc2 30. Re2 Rc7 31. Rfe1 Re7 32. a4 Rfe8 33. Qc6
Rf8 34. a5 Qc3 35. Qxc3 Bxc3 36. Nxf5 Ref7 37. Rxe4 Bxe1 38. g4 Bxa5 39. Ng5
Rd7 40. Ra4 Bd8 41. Ra8 Be7 42. Nf7+ Kg8 43. N7h6+ Kh8 44. Nf7+ Kg8 45. N7h6+
Kh8 46. Nf7+ Kg8 47. N7h6+ Kh8 48. Nf7+ Kg8 49. N7h6+ Kh8 1/2-1/2

[Event "FIDE Open World Blitz 2021"]
[Site "Warsaw"]
[Date "2021.12.29"]
[Round "4.2"]
[White "Shevchenko, Kirill"]
[Black "Socko, Bartosz"]
[Result "0-1"]
[WhiteElo "2647"]
[BlackElo "2571"]
[Annotator "ChessBase"]
[PlyCount "98"]
[EventDate "2021.12.29"]
[EventType "swiss"]
[EventCountry "POL"]
[Tiebreak "Cut1 Buchholz"]
[SourceTitle "playchess.com"]
[Source "ChessBase"]
[SourceQuality "1"]

1. e4 c6 2. d4 d5 3. exd5 cxd5 4. c4 e6 5. Nc3 Bb4 6. Nf3 Nc6 7. a3 Bxc3+ 8.
bxc3 Nge7 9. Bd3 dxc4 10. Bxc4 O-O 11. Bd3 Qa5 12. O-O b6 13. Qe2 Bb7 14. c4
Rfe8 15. Bb2 Qh5 16. Be4 Na5 17. Bxb7 Nxb7 18. Rac1 Rac8 19. Rfe1 Nd6 20. a4
Ng6 21. h3 Nf4 22. Qe3 Qf5 23. c5 Nd5 24. Qe2 Nf4 25. Qe3 Nd5 26. Qd2 Ne4 27.
Qe2 Nef6 28. Ne5 h6 29. c6 Nf4 30. Qf3 N6d5 31. Re4 f6 32. g4 Nxh3+ 33. Kg2
Nhf4+ 34. Kg3 Qh7 35. Nd7 g5 36. Rce1 h5 37. Rh1 h4+ 38. Kh2 Rxc6 39. Rhe1 Qxd7
40. a5 b5 41. Ba3 b4 42. Bb2 Qd6 43. Kh1 Rc2 44. Bc1 Rec8 45. Bxf4 Nxf4 46. d5
Qxd5 47. Qe3 b3 48. Qxa7 Rc1 49. Rxc1 Qxe4+ 0-1

[Event "FIDE Open World Blitz 2021"]
[Site "Warsaw"]
[Date "2021.12.29"]
[Round "4.2"]
[White "Mastrovasilis, Dimitrios"]
[Black "Tologontegin, Semetey"]
[Result "1-0"]
[WhiteElo "2577"]
[BlackElo "2224"]
[Annotator "ChessBase"]
[PlyCount "74"]
[EventDate "2021.12.29"]
[EventType "swiss"]
[EventCountry "POL"]
[Tiebreak "Cut1 Buchholz"]
[SourceTitle "playchess.com"]
[Source "ChessBase"]
[SourceQuality "1"]

1. e4 g6 2. d4 Bg7 3. Nf3 d6 4. Bc4 Nf6 5. Qe2 O-O 6. O-O Bg4 7. Nbd2 Nc6 8. c3
e5 9. h3 Bd7 10. dxe5 Nxe5 11. Nxe5 dxe5 12. Nf3 Qe7 13. Bg5 h6 14. Bh4 g5 15.
Bg3 Nh5 16. Rad1 Rad8 17. Rfe1 b5 18. Bb3 a6 19. Qe3 c5 20. Bd5 Nf4 21. c4 h5
22. Nd2 g4 23. h4 Bh6 24. Qa3 Bc8 25. Nb3 Nxd5 26. cxd5 b4 27. Qa5 c4 28. Nd2
Bxd2 29. Rxd2 Bb7 30. d6 Rxd6 31. Qxb4 Rfd8 32. Red1 c3 33. Rxd6 Rxd6 34. Rxd6
c2 35. Rg6+ fxg6 36. Qxe7 c1=Q+ 37. Kh2 Qc4 1-0

[Event "FIDE Open World Blitz 2021"]
[Site "Warsaw"]
[Date "2021.12.29"]
[Round "4.3"]
[White "Sanal, Vahap"]
[Black "Sarana, Alexey"]
[Result "1/2-1/2"]
[WhiteElo "2590"]
[BlackElo "2656"]
[Annotator "ChessBase"]
[PlyCount "74"]
[EventDate "2021.12.29"]
[EventType "swiss"]
[EventCountry "POL"]
[Tiebreak "Cut1 Buchholz"]
[SourceTitle "playchess.com"]
[Source "ChessBase"]
[SourceQuality "1"]

1. e4 c5 2. Nf3 d6 3. Bb5+ Nd7 4. d4 cxd4 5. Nxd4 a6 6. Bd3 g6 7. c4 Bg7 8. Nc2
Nc5 9. O-O Nf6 10. Nc3 O-O 11. f3 Nxd3 12. Qxd3 Bd7 13. Be3 Rc8 14. Nd4 Qc7 15.
b3 b5 16. Nd5 Nxd5 17. cxd5 Qc3 18. Rad1 Qxd3 19. Rxd3 Rc7 20. Rc1 Rxc1+ 21.
Bxc1 Rc8 22. Bb2 f5 23. Rd2 fxe4 24. fxe4 Bh6 25. Rc2 Rc5 26. Rxc5 dxc5 27. Nf3
b4 28. Kf2 Bb5 29. Ne5 Bg7 30. Ke3 Kf8 31. g4 Bf6 32. h3 Ke8 33. Nc4 Bxc4 34.
Bxf6 Bxb3 35. Bxe7 Bxd5 36. Bxc5 Bxa2 37. Bxb4 Kf7 1/2-1/2

[Event "FIDE Open World Blitz 2021"]
[Site "Warsaw"]
[Date "2021.12.29"]
[Round "4.3"]
[White "Kosakowski, Jakub"]
[Black "Mikhalevski, Victor"]
[Result "1-0"]
[WhiteElo "2340"]
[BlackElo "2577"]
[Annotator "ChessBase"]
[PlyCount "94"]
[EventDate "2021.12.29"]
[EventType "swiss"]
[EventCountry "POL"]
[Tiebreak "Cut1 Buchholz"]
[SourceTitle "playchess.com"]
[Source "ChessBase"]
[SourceQuality "1"]

1. e4 e5 2. Nf3 Nc6 3. Bb5 a6 4. Ba4 Nf6 5. O-O Nxe4 6. d4 b5 7. Bb3 d5 8. dxe5
Be6 9. Nbd2 Nc5 10. c3 d4 11. Bxe6 Nxe6 12. cxd4 Ncxd4 13. Nxd4 Qxd4 14. Qf3
Rd8 15. Qc6+ Qd7 16. Qxa6 Qd5 17. Qa5 Nd4 18. Nb3 Ne6 19. Be3 Be7 20. Qc3 O-O
21. Rac1 b4 22. Qc2 Qxe5 23. Rfe1 Qb5 24. f4 Bf6 25. f5 Nd4 26. Nxd4 Bxd4 27.
Bxd4 Rxd4 28. f6 gxf6 29. Qxc7 Qd5 30. Rc5 Qxa2 31. Qg3+ Kh8 32. Rh5 Qxb2 33.
Qf3 Rd2 34. Qf5 Rxg2+ 35. Kh1 Qc2 36. Rxh7+ Kg8 37. Qxc2 Rxc2 38. Rh4 Rb8 39.
Rg1+ Kf8 40. Rh8+ Ke7 41. Rxb8 Rb2 42. Re1+ Kd6 43. Rb6+ Kc5 44. Rxf6 b3 45.
Rxf7 Rd2 46. Rb7 b2 47. Rb1 Kd5 1-0

[Event "FIDE Open World Blitz 2021"]
[Site "Warsaw"]
[Date "2021.12.29"]
[Round "4.4"]
[White "Svane, Rasmus"]
[Black "Kadric, Denis"]
[Result "1-0"]
[WhiteElo "2628"]
[BlackElo "2566"]
[Annotator "ChessBase"]
[PlyCount "123"]
[EventDate "2021.12.29"]
[EventType "swiss"]
[EventCountry "POL"]
[Tiebreak "Cut1 Buchholz"]
[SourceTitle "playchess.com"]
[Source "ChessBase"]
[SourceQuality "1"]

1. Nf3 d6 2. d4 Nf6 3. g3 Nbd7 4. Bg2 e5 5. O-O e4 6. Nfd2 d5 7. c4 c6 8. Nc3
Be7 9. cxd5 cxd5 10. f3 exf3 11. Nxf3 O-O 12. Bf4 Nb6 13. Ne5 Be6 14. a4 a5 15.
Rc1 Rc8 16. Qd3 h6 17. b3 Ba3 18. Rc2 Bb4 19. Na2 Rxc2 20. Qxc2 Bd6 21. Nc1 Qe7
22. Qd2 Bb4 23. Qe3 Nh7 24. Qf2 Nc8 25. Ncd3 Bd6 26. Rc1 Na7 27. Bd2 b6 28. Nf4
Nf6 29. Qe3 Rd8 30. Nc6 Nxc6 31. Rxc6 Bxf4 32. Qxf4 Qa3 33. Rxb6 Ne4 34. Be3
Nc3 35. Bf3 Qb2 36. Bd2 Nb1 37. Bxa5 Re8 38. Rb8 Rxb8 39. Qxb8+ Kh7 40. Qb4
Qc1+ 41. Qe1 Qc2 42. Bb4 Qxb3 43. a5 Na3 44. Bxa3 Qxa3 45. Kf2 g5 46. Qd2 g4
47. Bg2 f5 48. Qe3 Qd6 49. Qe5 Qd7 50. a6 Kg6 51. Qb8 Qa4 52. Qb6 Kf6 53. a7 h5
54. Bf1 h4 55. e3 Qa2+ 56. Be2 h3 57. Qd8+ Kg6 58. a8=Q Qb1 59. Qe8+ Bf7 60.
Qac6+ Kg7 61. Qe5+ Kg8 62. Qcf6 1-0